Klosterhexen, Naturmagie, Chinesenspuk: (Titelsatznr. 372007)
[ MARC ]
| 000 -Satzkennung | |
|---|---|
| Kontrollfeld mit fester Länge | 00858nam a2200193 4500 |
| 008 - Feld mit fester Länge zur physischen Beschreibung - Allgemeine Angaben | |
| Kontrollfeld mit fester Länge | 201207b ||||| |||| 00| 0 eng d |
| 040 ## - Katalogisierungsquelle | |
| Katalogisierungssprache | ger |
| Übertragungsstelle | DE-2950 |
| Beschreibungsfestlegungen | rda |
| Original-Katalogisierungsstelle | DE-2950 |
| 041 ## - Sprachcode | |
| Sprachcode des Textes/der Tonspur oder des separaten Titels | ger |
| 245 ## - Titel | |
| Haupttitel | Klosterhexen, Naturmagie, Chinesenspuk: |
| Titelzusatz | Die Macht des Unheimlichen in der Dichtung Fontanes / |
| Verantwortlichkeitsangabe | Klaus-Peter Möller |
| 264 ## - Veröffentlichungsangabe, Vertriebsangabe, Herstellungsangabe | |
| Erscheinungs-, Vertriebs-, Herstellungsdatum | 2022 |
| 490 ## - Gesamttitelangabe | |
| Haupttitel der Reihe/Unterreihe | Die Mark Brandenburg |
| Zählung | Sonderheft / 2022. Hexen in Brandenburg |
| 653 ## - Lokales Schlagwort | |
| Nicht-normierter Term | Fontane, Theodor; Schriftsteller, Journalist, Kritiker, Theaterkritiker, Kriegsberichterstatter, Apotheker, Librettist, Historiker, Romancier, Übersetzer, 1819-1898 |
| 653 ## - Lokales Schlagwort | |
| Nicht-normierter Term | Magie <Motiv> |
| 773 ## - Übergeordnete Einheit | |
| Ort, Verlag und Erscheinungsjahr | Berlin: Die Mark Brandenburg - Verlag für Regional- und Zeitgeschichte |
| Verknüpfungsangaben | (2022),Sonderheft, S. 28-31: Abb. |
| Titel | Die Mark Brandenburg |
| 942 ## - Zusätzliche Felder (Koha) | |
| Koha-Medientyp | Aufsätze |
Keine Exemplare verfügbar.